000 01136nam a2200289 4500
001 0000016272
003 CO-CtgCURN
005 20250329190954.0
007 ta
008 160627s1991 000 0 eng d
020 _a968243534X
040 _aCO-CtgCURN
_bspa
_ccoctgcurn
082 0 _a618.1
_bM65g
100 1 _aMondragon Castro, Héctor.
245 1 0 _aGinecoobstreticia para enfermeras /
_cHéctor Mondragon Castro.
260 _aMexico :
_bTrillas,
_c1991.
300 _a510 p.
336 _2rdacontent
337 _2rdamedia
_asin mediacion
_bn
338 _2rdacarrier
_avolumen
_bnc
500 _aIncluye autoevaluacion al final de cada capitulo \Apendice: Respuestas a las autoevaluaciones.
505 8 _aEnfermeria obstetrica.--Distocias.--Trabajo de parto.--Planificacion familiar.--Complicaciones de la gestacion.--Embarazo Normal.--Fisiología de la Reproducción.--Tumores Malignos y Benignos.--Menstruacion.--Menopausia.--Dismenorrea
650 1 4 _aEnfermeria ginecologica.
908 _a160627
942 _cBK
_h618.1
_iM65g
_2ddc
999 _c9870
_d9870